000 01147nam a2200253 i 4500
001 161319
003 ES-MaACL
005 20250802094052.0
008 980128s1894 sp |||| |dspa d
100 1 _aPalomar, Juan Domingo.
_9130806
245 1 0 _aDiario de un patriota complutense en la Guerra de la Independencia /
_ccon un prólogo y notas de J.C. G.
260 _aMadrid :
_b[s.n.],
_c1894 (
_fTip. de los Hijos de M.G. Hernández)
300 _a120 p. ;
_c23 cm.
500 _aCronología: p. [111]-120.
530 _aDisponible en formato digital.
594 _aEl autor consta en p. 13.
600 1 4 _aPalomar, Juan Domingo.
_9130806
651 4 _aEspaña-
_xHistoria-
_y1808-1814, Guerra de la Independencia-
_vRelatos personales.
_9138809
651 4 _aAlcalá de Henares-
_xHistoria-
_yS.XIX.
_9145011
700 1 _aGarcía, Juan Catalina,
_d1845-1911
_954060
852 _aES-MaACL
_jT-812-F-7
_z- Enc. hol. conservando cub. original
_z. - Ded. ms. del Juan Catalina García
_z- Enc. en un vol. facticio
856 _uhttp://bdh-rd.bne.es/viewer.vm?id=0000247073&page=1
_zBiblioteca Digital Hispánica
999 _c161319
_d161319